[Event "Mittelfrank Regionalliga Nord-West 2122"]
[Site "Mittelfranken"]
[Date "2022.06.26"]
[Round "3.7"]
[White "Werner, Joerg"]
[Black "Memmler, Marcus"]
[Result "0-1"]
[WhiteElo "1759"]
[BlackElo "1780"]
[PlyCount "148"]
[EventDate "2021.10.24"]
[EventType "team-tourn"]
[EventRounds "9"]
[EventCountry "GER"]
[SourceTitle "EXT 2024"]
[Source "ChessBase"]
[SourceDate "2023.10.10"]
[SourceVersion "1"]
[SourceVersionDate "2023.10.10"]
[SourceQuality "1"]
[WhiteTeam "Wuerzburg II"]
[BlackTeam "Bad Neustadt"]
[WhiteTeamCountry "GER"]
[BlackTeamCountry "GER"]

1. e4 c5 2. Nf3 e6 3. d4 cxd4 4. Nxd4 Bc5 5. Be3 Qb6 6. b3 Nc6 7. c3 Nge7 8. Qd3 d5 9. Nd2 a6 10. N2f3 dxe4 11. Qxe4 Nd5 12. Bd2 Nf6 13. Qd3 0-0 14. Be3 Bd7 15. Be2 Rfd8 16. Rd1 Nxd4 17. Bxd4 Bxd4 18. Qxd4 Qa5 19. a4 Nd5 20. Rc1 Rac8 21. Bc4 Be8 22. Qe5 b5 23. axb5 axb5 24. Bxd5 Rxd5 25. Qe3 Rcd8 26. 0-0 Qc7 27. c4 Rd3 28. Qe2 Qd6 29. c5 Qd5 30. b4 Bc6 31. Qe5 Qd7 32. Ng5 h6 33. Ne4 f6 34. Qf4 e5 35. Qh4 Qd5 36. f3 Qd4+ 37. Kh1 Kh7 38. Qg4 Bd7 39. Qh4 Bc6 40. Qg4 Rf8 41. Qf5+ g6 42. Nxf6+ Kg7 43. Nh5+ gxh5 44. Qxh5 Rf4 45. Ra1 Bd7 46. Ra6 Rf6 47. Rxf6 Kxf6 48. Qxh6+ Kf7 49. c6 Bf5 50. Qc1 Qxb4 51. Qa1 Qd4 52. Qa2+ Be6 53. Qb1 Bc4 54. h3 Ke6 55. Qc1 Rd2 56. c7 Kd7 57. Re1 Kxc7 58. Qa3 Kc6 59. Qa6+ Kc7 60. Qa5+ Kd7 61. Rxe5 Ra2 62. Re7+ Kxe7 63. Qc7+ Ke6 64. Qc6+ Ke5 65. Qc7+ Kd5 66. Qb7+ Ke6 67. Qc8+ Qd7 68. Qg8+ Kd6 69. Qg3+ Kc5 70. Qe5+ Kb4 71. h4 Qd2 72. Qe7+ Kb3 73. Qg7 Qf4 74. Qe7 Ra1+ 0-1

[Event "Mittelfrank Regionalliga Nord-West 2122"]
[Site "Mittelfranken"]
[Date "2021.11.14"]
[Round "2.8"]
[White "Werner, Joerg"]
[Black "Steiner, Tizian"]
[Result "0-1"]
[WhiteElo "1759"]
[BlackElo "1777"]
[PlyCount "126"]
[EventDate "2021.10.24"]
[EventType "team-tourn"]
[EventRounds "9"]
[EventCountry "GER"]
[SourceTitle "EXT 2024"]
[Source "ChessBase"]
[SourceDate "2023.10.10"]
[SourceVersion "1"]
[SourceVersionDate "2023.10.10"]
[SourceQuality "1"]
[WhiteTeam "Wuerzburg II"]
[BlackTeam "Bamberg II"]
[WhiteTeamCountry "GER"]
[BlackTeamCountry "GER"]

1. e4 e5 2. Nf3 Nf6 3. Nxe5 d6 4. Nf3 Nxe4 5. d4 d5 6. Bd3 Bd6 7. 0-0 0-0 8. Re1 Re8 9. h3 Bf5 10. c3 Bg6 11. Be3 Nd7 12. Nbd2 Nxc3 13. bxc3 Bxd3 14. Nb3 Be4 15. Nfd2 Bg6 16. Nf3 b6 17. Qd2 h6 18. Bf4 Rxe1+ 19. Rxe1 Nf6 20. Ne5 Ne4 21. Qe3 Qf6 22. f3 Ng5 23. Ng4 Qxf4 24. Qxf4 Bxf4 25. Ne5 Re8 26. Kf2 Bxe5 27. dxe5 c5 28. h4 Ne6 29. g3 Bh7 30. Rd1 Nc7 31. f4 Be4 32. Nd2 Bf5 33. Nf1 f6 34. Ne3 Be4 35. exf6 gxf6 36. Ng4 Kg7 37. Rd2 h5 38. Ne3 Kf7 39. a4 Ke6 40. Rb2 Kd6 41. Rd2 Kc6 42. Ra2 Rg8 43. Nf1 a5 44. Nd2 Re8 45. Nb3 Re7 46. Re2 Ne8 47. Nd2 Nd6 48. Nf1 Nf5 49. Rd2 d4 50. cxd4 Nxd4 51. Ne3 f5 52. Nc4 b5 53. axb5+ Kxb5 54. Nd6+ Kc6 55. Nc4 a4 56. Rb2 Nb3 57. Re2 Nc1 58. Re3 Nd3+ 59. Ke2 Rd7 60. Nd2 Rd4 61. Nf3 Nc1+ 62. Kf2 Bxf3 63. Kxf3 Rd3 0-1

[Event "Unterfranken-ch HB 58th"]
[Site "Wuerzburg"]
[Date "2007.04.13"]
[Round "7"]
[White "Biskopp, Wolf Ulrich"]
[Black "Werner, Joerg"]
[Result "0-1"]
[WhiteElo "1483"]
[BlackElo "1579"]
[PlyCount "118"]
[EventDate "2007.04.09"]
[EventType "swiss"]
[EventRounds "9"]
[EventCountry "GER"]
[SourceTitle "EXT 2015"]
[Source "ChessBase"]
[SourceDate "2014.11.20"]
[SourceVersion "1"]
[SourceVersionDate "2014.11.20"]
[SourceQuality "1"]

1. d4 f5 2. c4 e6 3. Nc3 d5 4. cxd5 exd5 5. Bf4 Nf6 6. e3 c6 7. Bd3 Bd6 8. Bxd6 Qxd6 9. Nf3 0-0 10. 0-0 Ne4 11. Ne5 Nd7 12. Nxd7 Bxd7 13. Qb3 Nd2 14. Qxb7 Nxf1 15. Rxf1 Rfb8 16. Qa6 Rxb2 17. Nxd5 Bc8 18. Qxc6 Qxc6 19. Ne7+ Kf7 20. Nxc6 Be6 21. a3 g6 22. h3 Rc8 23. Ne5+ Kg7 24. Ra1 Ba2 25. g4 fxg4 26. hxg4 Rc3 27. a4 a5 28. Kg2 Bd5+ 29. Kg3 Rb4 30. g5 Bb3 31. Kf4 Rxa4 32. Rxa4 Bxa4 33. Be4 Bb5 34. d5 a4 35. d6 a3 36. Bd5 Rc2 37. f3 a2 38. Bxa2 Rxa2 39. e4 Rd2 40. Ng4 Rxd6 41. Ne5 Re6 42. Ng4 Be2 43. Ke3 Bd1 44. Nf2 Bc2 45. Ng4 Bb3 46. Kd4 Kf8 47. f4 Bc2 48. Nf6 Rxf6 49. gxf6 Kf7 50. e5 h5 51. Ke3 Bf5 52. Kf3 h4 53. Kg2 Be6 54. Kh2 Kg8 55. Kg2 Kh7 56. Kh2 Kh6 57. Kg2 Kh5 58. Kf3 Bd5+ 59. Kf2 Kg4 0-1

[Event "Unterfranken-ch HB 58th"]
[Site "Wuerzburg"]
[Date "2007.04.13"]
[Round "8"]
[White "Werner, Joerg"]
[Black "Link, Fabian"]
[Result "1-0"]
[WhiteElo "1579"]
[BlackElo "1430"]
[PlyCount "61"]
[EventDate "2007.04.09"]
[EventType "swiss"]
[EventRounds "9"]
[EventCountry "GER"]
[SourceTitle "EXT 2015"]
[Source "ChessBase"]
[SourceDate "2014.11.20"]
[SourceVersion "1"]
[SourceVersionDate "2014.11.20"]
[SourceQuality "1"]

1. d4 d5 2. c4 e6 3. Nc3 c6 4. Nf3 dxc4 5. a4 Qa5 6. Bd2 Bb4 7. e3 Nf6 8. Bxc4 Nd5 9. Qb3 0-0 10. 0-0 Nd7 11. Rfd1 N7f6 12. Ne5 Bxc3 13. Bxc3 Nxc3 14. bxc3 Nd5 15. Rdc1 f6 16. Nd3 Re8 17. Nc5 Kh8 18. Nxb7 Qc7 19. Nc5 Rb8 20. Qc2 e5 21. Qe4 f5 22. Qh4 Ne7 23. Bf7 Rf8 24. Be6 Rf6 25. Bxc8 g5 26. Qxg5 Rg6 27. Qh4 Rxc8 28. Rab1 Rg4 29. Qf6+ Kg8 30. Rb7 Rg6 31. Qxe7 1-0

[Event "Unterfranken-ch HB 58th"]
[Site "Wuerzburg"]
[Date "2007.04.12"]
[Round "5"]
[White "Klundt, Maximilian"]
[Black "Werner, Joerg"]
[Result "1-0"]
[WhiteElo "1544"]
[BlackElo "1579"]
[PlyCount "112"]
[EventDate "2007.04.09"]
[EventType "swiss"]
[EventRounds "9"]
[EventCountry "GER"]
[SourceTitle "EXT 2015"]
[Source "ChessBase"]
[SourceDate "2014.11.20"]
[SourceVersion "1"]
[SourceVersionDate "2014.11.20"]
[SourceQuality "1"]

1. e4 c5 2. c3 Nc6 3. d4 cxd4 4. cxd4 d5 5. e5 Bf5 6. Nc3 e6 7. Bb5 Qb6 8. Nf3 Bb4 9. Bxc6+ bxc6 10. Bd2 Bxc3 11. Bxc3 Qb5 12. Rc1 Ne7 13. a4 Qa6 14. Nh4 Be4 15. b4 0-0 16. Bd2 Rab8 17. Qb3 Rfc8 18. Rc3 Qb6 19. Rc5 Qa6 20. a5 Rb5 21. Qg3 Rxc5 22. dxc5 Qc4 23. Qc3 Qb5 24. Nf3 Nf5 25. Rg1 Bxf3 26. gxf3 d4 27. Qc1 Qb8 28. f4 Qb5 29. Qd1 Qd3 30. Qg4 Qe4+ 31. Qe2 Qc2 32. f3 Rd8 33. Qe4 Qxe4+ 34. fxe4 Ne3 35. Bxe3 dxe3 36. Ke2 Rd4 37. Kxe3 Rxb4 38. Rd1 g6 39. Rd7 Rb5 40. Rxa7 Rxc5 41. Kd4 Rc2 42. a6 c5+ 43. Kd3 Rxh2 44. Rc7 Ra2 45. a7 Kg7 46. f5 exf5 47. exf5 gxf5 48. e6 f4 49. exf7 f3 50. f8Q+ Kxf8 51. Rc8+ Kf7 52. a8Q f2 53. Qxa2+ c4+ 54. Qxc4+ Kg6 55. Qf4 h5 56. Rg8+ Kh7 1-0

[Event "Unterfranken-ch HB 53th"]
[Site "Wuerzburg"]
[Date "2002.??.??"]
[Round "5"]
[White "Lindner, Helmut"]
[Black "Werner, Joerg"]
[Result "0-1"]
[WhiteElo "1555"]
[BlackElo "1707"]
[PlyCount "94"]
[EventDate "2002.04.01"]
[EventType "swiss"]
[EventRounds "9"]
[EventCountry "GER"]
[SourceTitle "EXT 2015"]
[Source "ChessBase"]
[SourceDate "2014.11.20"]
[SourceVersion "1"]
[SourceVersionDate "2014.11.20"]
[SourceQuality "1"]

1. e4 c5 2. Nf3 d6 3. d4 cxd4 4. Nxd4 Nf6 5. Nc3 g6 6. Bc4 Bg7 7. 0-0 0-0 8. Bb3 Nc6 9. Nxc6 bxc6 10. Re1 Qc7 11. f3 Bb7 12. Qe2 e5 13. Bg5 Nd7 14. Rad1 Nc5 15. Kh1 Nxb3 16. axb3 h6 17. Bh4 g5 18. Bg3 Rad8 19. Qc4 Qc8 20. Rd2 Qe6 21. Red1 Rd7 22. Qxe6 fxe6 23. Rxd6 Rxd6 24. Rxd6 Re8 25. Na4 Bf8 26. Rd7 Bc8 27. Rxa7 Rd8 28. h3 Bd6 29. Nb6 Bc5 30. Nxc8 Rd1+ 31. Be1 Rxe1+ 32. Kh2 Bg1+ 33. Kg3 Bxa7 34. Nxa7 c5 35. Nc6 Re2 36. Nxe5 Rxc2 37. Nd3 Kg7 38. h4 Kf6 39. f4 gxf4+ 40. Kxf4 Rxg2 41. Nxc5 Rxb2 42. h5 e5+ 43. Kg4 Rf2 44. Nd3 Rd2 45. Nc5 Rd4 46. Kf3 Rb4 47. Nd7+ Ke6 0-1

[Event "Unterfranken-ch HB 53th"]
[Site "Wuerzburg"]
[Date "2002.??.??"]
[Round "1"]
[White "Werner, Joerg"]
[Black "Kuhn, Marco"]
[Result "1-0"]
[WhiteElo "1707"]
[BlackElo "1146"]
[PlyCount "89"]
[EventDate "2002.04.01"]
[EventType "swiss"]
[EventRounds "9"]
[EventCountry "GER"]
[SourceTitle "EXT 2015"]
[Source "ChessBase"]
[SourceDate "2014.11.20"]
[SourceVersion "1"]
[SourceVersionDate "2014.11.20"]
[SourceQuality "1"]

1. d4 d5 2. c4 c6 3. Nc3 Nf6 4. Nf3 Bf5 5. Qb3 b6 6. Bg5 e6 7. e3 Nbd7 8. cxd5 cxd5 9. Bb5 Be7 10. Bxf6 Bxf6 11. Qa4 a6 12. Bc6 Rc8 13. Rc1 Qc7 14. Nxd5 exd5 15. Bxd7+ Bxd7 16. Rxc7 Rxc7 17. Qd1 0-0 18. 0-0 Bb5 19. Re1 Be7 20. a3 Rfc8 21. g3 Rc2 22. Qb1 R8c7 23. h4 Bd3 24. Ne5 Bf5 25. f3 Bg6 26. Qa2 f6 27. Qxd5+ Kf8 28. Nxg6+ hxg6 29. Qb3 b5 30. Rf1 f5 31. e4 Rd2 32. Rf2 Rxd4 33. exf5 gxf5 34. Qe6 Bc5 35. Qxf5+ Kg8 36. Kg2 Rdd7 37. Re2 Rf7 38. Re8+ Rf8 39. Qe6+ Kh7 40. Rxf8 Bxf8 41. Qe4+ Kg8 42. g4 Rc4 43. Qg6 b4 44. Qe6+ Kh8 45. Qxc4 1-0